000 00231nam a2200097Ia 4500
008 190216s9999||||xx |||||||||||||| ||und||
100 _aAziz Ahmad
245 4 _aThe Process Of Planing
260 _bOxford University Press
942 _cBK
999 _c9157
_d9157